Statistiques concernant 3 plus grandes villes par communauté autonome espagnole

Cliquez ici pour prendre le quiz!

Statistiques générales

  • Ce quiz a été pris 93 fois
  • Le résultat moyen est 20 sur 45

Statistiques - réponses

RégionVille
Population
(en milliers)
% Correct
AndalousieSéville688
99%
Communauté de MadridMadrid3 223
97%
Pays basqueBilbao345
96%
Communauté valencienneValence791
96%
CatalogneBarcelone1 620
94%
AragonSaragosse666
82%
Malaga571
78%
Cordoue325
71%
MurcieMurcie447
71%
Îles CanariesLas Palmas de Gran Canaria378
68%
GaliceVigo293
68%
CeutaCeuta85
63%
Îles BaléaresPalma de Majorque409
63%
NavarrePampelune199
63%
La Corogne244
61%
Castille et LeónValladolid298
61%
AsturiesGijón298
58%
MelillaMelilla86
57%
Alicante331
52%
Oviedo220
51%
Tolède84
51%
CantabrieSantander191
48%
Burgos175
42%
Salamanque143
42%
Elche230
39%
Vitoria Sébastien249
32%
EstrémadureBadajoz150
29%
Huesca52
28%
Mérida59
28%
Santa Cruz de Tenerife204
28%
Castille la MancheAlbacete173
25%
Carthagène213
25%
L'Hospitalet de Llobregat261
24%
Caceres96
22%
Orense105
20%
Alcala de Henares193
16%
Guadalajara84
16%
La RiojaLogrogne122
14%
Terrassa218
11%
Mostoles207
9%
Aviles78
8%
Lorca93
8%
San Cristobal de La Laguna155
6%
Barakaldo100
5%
Torrelavega60
5%

Distribution des résultats

Percentile par nombre de réponses

% des personnes avec chaque résultat

Votre développement - résultats

Vous n’avez pas pris ce quiz